Descriptive memoir of the Ministry of Commerce and Industry, June 1952 (Record no. 491283)

000 -LEADER
fixed length control field 00391cam a22001097a 4500
008 - FIXED-LENGTH DATA ELEMENTS--GENERAL INFORMATION
fixed length control field 180718b1954 xxu||||| |||| 00| 0 eng d
082 ## - DEWEY DECIMAL CLASSIFICATION NUMBER
Classification number I5001 T39/1952
245 ## - TITLE STATEMENT
Title Descriptive memoir of the Ministry of Commerce and Industry, June 1952
Statement of responsibility, etc. by Ministry of Home Affairs, India
260 ## - PUBLICATION, DISTRIBUTION, ETC.
Place of publication, distribution, etc. New Delhi
Name of publisher, distributor, etc. Ministry of Home Affairs
Date of publication, distribution, etc. 1954
300 ## - PHYSICAL DESCRIPTION
Extent 70+p.
700 ## - ADDED ENTRY--PERSONAL NAME
Personal name India. Ministry of Home Affairs
Holdings
Withdrawn status Lost status Damaged status Not for loan Permanent Location Current Location Date acquired Full call number Barcode Date last seen Price effective from Koha item type
        Indian Institute of Public Administration Indian Institute of Public Administration 2018-08-04 I5001 T39/1952 GG32455 2018-08-04 2018-08-04 GG

Powered by Koha